| 000 | 00379nam a22001337a 4500 | ||
|---|---|---|---|
| 080 | _a341+ 340.5 Ar 1 | ||
| 245 | _aArizona Journal of International and Comparative Law | ||
| 260 |
_aArizona _bArizona Board of Regents _c2008 |
||
| 300 | _a262 P. | ||
| 310 | _atrimestral | ||
| 650 |
_2IEDCYT _xderecho comparado _xderecho internacional |
||
| 942 | _2cdu | ||
| 945 |
_acd _d2016-08-08 |
||
| 999 |
_c4353 _d234857 |
||